000 00903nam a2200253 a 4500
001 000048812
005 20240306073910.0
008 190412s2015 dr 000 0 spa d
020 _a9789592653184
040 _aDO-SdBNP
_bspa
_cBNPHU
082 _axxxx
_bM378G
100 1 _aGuadarrama González, Pablo,
_d1949-
_972224
245 1 0 _aJosé Martí :
_bhumanismo práctico y latinoamericanista /
_cPablo Guadarrama González.
260 _aSanta Clara, Cuba :
_bEditorial Capiro,
_c2015.
300 _a344 p. ;
_c20 cm.
490 1 _aEstilo
500 _aIncluye referencias bibliográficas y notas al pie de las páginas
500 _aLa biblioteca posee 1 ejemplar autográfiado por el autor
500 _aIncluye datos biográficos del autor
504 _aBibliografía : p. 323-344
590 _aInventariado, 2019/LP
600 1 0 _aMartí, José,
_d1853-1895
_9645
830 0 _aEstilo
_976265
999 _c48300
_d48300